[Event "21st Rubinstein Memorial"]
[Site "Polanica Zdroj POL"]
[Date "1983.08.??"]
[Round "1"]
[White "Abramovic, Bosko"]
[Black "Stoica, Valentin"]
[WhiteElo "2480"]
[BlackElo "2440"]
[Result "1-0"]
[EventDate "1983.08.03"]
[PlyCount "131"]
1. e4 c5 2. Nf3 d6 3. d4 Nf6 4. Nc3 cxd4 5. Nxd4 a6 6. Be2 e5 7. Nb3 Be7 8. O-O O-O 9. Be3 Qc7 10. a4 b6 11. Qd2 Re8 12. Rfd1 Bf8 13. f3 Be6 14. Nc1 Nc6 15. N1a2 h6 16. Bf1 Qb7 17. Kh1 Rec8 18. b3 Ne7 19. Nb4 Qc7 20. Ncd5 Bxd5 21. Nxd5 Nexd5 22. exd5 Nd7 23. a5 b5 24. c4 bxc4 25. Bxc4 Be7 26. Bf1 Qb7 27. Rab1 Bg5 28. Bxg5 hxg5 29. Qxg5 Qb4 30. Qd2 Rcb8 31. Qxb4 Rxb4 32. Rdc1 Nc5 33. Rc4 Rab8 34. Rxb4 Rxb4 35. Bc4 Nb7 36. Ra1 Nc5 37. Ra3 f5 38. Kg1 Rb7 39. Kf2 e4 40. Ke3 Kf7 41. Kd4 exf3 42. gxf3 g5 43. Kc3 Ra7 44. Ra1 Nd7 45. h4 gxh4 46. Rh1 Ne5 47. Rxh4 Kf6 48. Be2 Rc7+ 49. Kb2 Rc5 50. Rd4 Rxa5 51. f4 Ng6 52. b4 Rb5 53. Bxb5 axb5 54. Kc2 Ne7 55. Kd3 Ng6 56. Ke3 Ne7 57. Rd1 Kf7 58. Kd4 Ng6 59. Rc1 Nxf4 60. Rf1 Ne2+ 61. Kd3 Ng3 62. Rf3 Nh5 63. Rxf5+ Nf6 64. Kd4 Ke7 65. Rf1 Nd7 66. Rc1 1-0

[Event "21st Rubinstein Memorial"]
[Site "Polanica Zdroj POL"]
[Date "1983.08.??"]
[Round "1"]
[White "Dydyshko, Viacheslav"]
[Black "Lukov, Valentin"]
[WhiteElo "2460"]
[BlackElo "2465"]
[Result "1-0"]
[EventDate "1983.08.03"]
[PlyCount "81"]
1. d4 Nf6 2. c4 e6 3. Nf3 c5 4. d5 exd5 5. cxd5 d6 6. Nc3 g6 7. Nd2 Bg7 8. e4 O-O 9. Be2 Re8 10. O-O Na6 11. Kh1 Nc7 12. a4 b6 13. f3 Nd7 14. Nc4 Ne5 15. Ne3 f5 16. exf5 gxf5 17. f4 Nf7 18. Bd3 Nh6 19. Qc2 Rf8 20. Bd2 a6 21. Rf3 Rb8 22. Rg3 Qh4 23. Rg5 Ng4 24. Nxg4 fxg4 25. Ne4 Ne8 26. g3 Qh6 27. f5 Bb7 28. Rf1 c4 29. Qxc4 Nf6 30. Rxg4 Qh5 31. Nxf6+ Rxf6 32. Bc3 Rc8 33. Bxf6 Rxc4 34. Rxg7+ Kf8 35. Bxc4 Qh6 36. Bc3 Qe3 37. Rxb7 Qe4+ 38. Kg1 Qxc4 39. f6 Qc5+ 40. Rf2 Qxd5 41. f7 1-0

[Event "21st Rubinstein Memorial"]
[Site "Polanica Zdroj POL"]
[Date "1983.08.??"]
[Round "2"]
[White "Ardiansyah, Haji"]
[Black "Farago, Ivan"]
[WhiteElo "2450"]
[BlackElo "2495"]
[Result "0-1"]
[EventDate "1983.08.03"]
[PlyCount "130"]
1. d4 Nf6 2. Nf3 e6 3. g3 c5 4. c3 d5 5. Bg2 Nc6 6. O-O Qb6 7. e3 Bd6 8. dxc5 Bxc5 9. b4 Bd6 10. a4 O-O 11. Ba3 Ne5 12. Nbd2 Bd7 13. Nxe5 Bxe5 14. Rc1 Qa6 15. b5 Bxb5 16. Bxf8 Bxa4 17. Qe1 Rxf8 18. e4 Qa5 19. Qe3 Nxe4 20. Nxe4 dxe4 21. Bxe4 Bc6 22. Bxc6 bxc6 23. Rfd1 Bf6 24. h4 c5 25. Rd7 Qb6 26. Rcd1 a5 27. g4 Qb3 28. g5 Bd4 29. Qe2 Qxc3 30. Kg2 a4 31. h5 Qb2 32. Rd2 Qb1 33. Qf3 Qc1 34. Qe2 Qb1 35. Rc2 Qb3 36. h6 a3 37. Rd2 Qb1 38. Rc2 Qb6 39. Qf3 e5 40. hxg7 Kxg7 41. Kh2 Qg6 42. Qf6+ Qxf6 43. gxf6+ Kg6 44. Ra7 Bb2 45. Ra6 Rc8 46. Rc4 e4 47. Kg3 Kf5 48. f3 Rg8+ 49. Kh3 exf3 50. Rxc5+ Ke4 51. Ra4+ Ke3 52. Rf5 Kf2 53. Ra7 Rg3+ 54. Kh2 h6 55. Rxf7 a2 56. Ra7 a1=Q 57. Rxa1 Bxa1 58. f7 Bg7 59. f8=Q Bxf8 60. Rxf8 Rg5 61. Kh3 Ke3 62. Re8+ Kf4 63. Kh2 f2 64. Rf8+ Ke3 65. Rf6 Rg1 0-1

[Event "21st Rubinstein Memorial"]
[Site "Polanica Zdroj POL"]
[Date "1983.08.??"]
[Round "2"]
[White "Hresc, Vladimir"]
[Black "Abramovic, Bosko"]
[WhiteElo "2450"]
[BlackElo "2480"]
[Result "1/2-1/2"]
[EventDate "1983.08.03"]
[PlyCount "39"]
1. e4 c5 2. c3 e6 3. d4 d5 4. e5 Nc6 5. Nf3 Bd7 6. dxc5 Bxc5 7. Bd3 Nge7 8. O-O Ng6 9. Qe2 f6 10. exf6 Qxf6 11. Bg5 Qf7 12. Nbd2 O-O 13. Nb3 Bd6 14. c4 Rae8 15. Rad1 Nf4 16. Bxf4 Qxf4 17. Qd2 Qxd2 18. Nbxd2 Bc5 19. Nb3 Bb6 20. Bb1 1/2-1/2

[Event "21st Rubinstein Memorial"]
[Site "Polanica Zdroj POL"]
[Date "1983.08.??"]
[Round "2"]
[White "Kruszynski, Wlodzimierz"]
[Black "Hernandez Onna, Roman"]
[WhiteElo "2435"]
[BlackElo "2375"]
[Result "1/2-1/2"]
[EventDate "1983.08.03"]
[PlyCount "61"]
1. e4 c5 2. Nf3 Nc6 3. d4 cxd4 4. Nxd4 g6 5. c4 Bg7 6. Be3 Nf6 7. Nc3 O-O 8. Be2 b6 9. O-O Bb7 10. Rc1 Nxd4 11. Bxd4 Bh6 12. f4 Nxe4 13. Nxe4 Bxe4 14. Bc3 Qc7 15. Qd2 e5 16. Rcd1 Bxf4 17. Qxd7 Qxd7 18. Rxd7 Rfd8 19. Rfd1 Be3+ 20. Kf1 Bd4 21. Rxd8+ Rxd8 22. Bf3 f5 23. Bxe4 fxe4 24. Ke2 Kf7 25. b3 Ke6 26. Bb4 a5 27. Bd2 Bc5 28. Bc1 Bd4 29. Be3 Rd7 30. Rd2 Rd6 31. Rd1 1/2-1/2

[Event "21st Rubinstein Memorial"]
[Site "Polanica Zdroj POL"]
[Date "1983.08.??"]
[Round "2"]
[White "Ksieski, Zbigniew"]
[Black "Szymczak, Zbigniew"]
[WhiteElo "2415"]
[BlackElo "2420"]
[Result "1/2-1/2"]
[EventDate "1983.08.03"]
[PlyCount "49"]
1. d4 Nf6 2. c4 e6 3. Nf3 c5 4. Nc3 cxd4 5. Nxd4 Bb4 6. g3 O-O 7. Bg2 d5 8. cxd5 Nxd5 9. Bd2 Bxc3 10. bxc3 e5 11. Nb5 Nc6 12. Bc1 Be6 13. O-O a6 14. c4 Nb6 15. Nd6 Nxc4 16. Nxb7 Qxd1 17. Rxd1 Nd4 18. Nc5 Rad8 19. Bg5 Nxe2+ 20. Kf1 Rxd1+ 21. Rxd1 Nd4 22. Rc1 Bg4 23. Nb3 Be6 24. Nc5 Bg4 25. Nb3 1/2-1/2

[Event "21st Rubinstein Memorial"]
[Site "Polanica Zdroj POL"]
[Date "1983.08.??"]
[Round "2"]
[White "Lechtynsky, Jiri"]
[Black "Flis, Jacek"]
[WhiteElo "2475"]
[BlackElo "2410"]
[Result "1-0"]
[EventDate "1983.08.03"]
[PlyCount "87"]
1. Nf3 Nf6 2. g3 g6 3. b3 Bg7 4. Bb2 O-O 5. Bg2 d6 6. d4 c6 7. O-O Nbd7 8. Nbd2 Qc7 9. e4 a5 10. Re1 a4 11. a3 axb3 12. cxb3 e5 13. dxe5 Nxe5 14. Nxe5 dxe5 15. Nc4 Nd7 16. Qc2 Nc5 17. Bc3 Rd8 18. Ba5 Rxa5 19. Nxa5 Ne6 20. b4 Nd4 21. Qc3 Be6 22. a4 h5 23. h3 Bh6 24. Nc4 h4 25. Kh2 hxg3+ 26. fxg3 Bg7 27. Nd2 f5 28. Nf3 Qe7 29. Rad1 fxe4 30. Nd2 Nf3+ 31. Nxf3 exf3 32. Rxd8+ Qxd8 33. Qxf3 Qd2 34. Qe4 Bd5 35. Re2 Qd1 36. Qc2 Qd4 37. Qxg6 Bxg2 38. Kxg2 Qxb4 39. h4 Qd4 40. h5 Qd5+ 41. Kh2 Qf3 42. Rd2 Qf6 43. Qxf6 Bxf6 44. Rd7 1-0

[Event "21st Rubinstein Memorial"]
[Site "Polanica Zdroj POL"]
[Date "1983.08.??"]
[Round "2"]
[White "Lukov, Valentin"]
[Black "Stempin, Pawel"]
[WhiteElo "2465"]
[BlackElo "2380"]
[Result "0-1"]
[EventDate "1983.08.03"]
[PlyCount "115"]
1. e4 c5 2. Nf3 d6 3. d4 cxd4 4. Nxd4 Nf6 5. Nc3 e6 6. g4 h6 7. g5 hxg5 8. Bxg5 Nc6 9. Qd2 a6 10. O-O-O Qb6 11. Nb3 Bd7 12. Kb1 Ne5 13. Be3 Qc7 14. f4 Nc4 15. Bxc4 Qxc4 16. e5 Nd5 17. Nxd5 Qxd5 18. Qf2 Qe4 19. exd6 Rh3 20. Rhe1 Qf3 21. Qd2 Rh5 22. Bg1 Rc8 23. Nd4 Qg4 24. f5 Rxf5 25. Nxf5 Qxf5 26. Bb6 Rc6 27. Bc7 f6 28. Re3 e5 29. Rb3 b5 30. a4 Rc4 31. axb5 axb5 32. Rb4 Rxb4 33. Qxb4 g5 34. Qb3 g4 35. Qg8 Qe6 36. Qh8 Kf7 37. Qh7+ Bg7 38. h3 g3 39. Rd3 f5 40. Rxg3 Qh6 41. Qxh6 Bxh6 42. Bd8 f4 43. Rg1 e4 44. Re1 e3 45. Bb6 Ke6 46. Ka2 Ke5 47. Kb3 Ke4 48. c4 f3 49. cxb5 f2 50. Ra1 Bf4 51. Ka4 Bxd6 52. h4 Be5 53. h5 Bxb2 54. Rb1 Bg7 55. Kb4 Bg4 56. Bxe3 Kxe3 57. b6 Bxh5 58. Kc5 0-1

[Event "21st Rubinstein Memorial"]
[Site "Polanica Zdroj POL"]
[Date "1983.08.??"]
[Round "2"]
[White "Stoica, Valentin"]
[Black "Dydyshko, Viacheslav"]
[WhiteElo "2440"]
[BlackElo "2460"]
[Result "1/2-1/2"]
[EventDate "1983.08.03"]
[PlyCount "36"]
1. e4 e5 2. Nf3 Nc6 3. Bb5 a6 4. Ba4 Nf6 5. O-O Be7 6. Bxc6 dxc6 7. d3 Nd7 8. Nbd2 O-O 9. Nc4 f6 10. Be3 Nc5 11. b4 Na4 12. a3 b6 13. d4 Be6 14. Qd3 Qe8 15. Ncd2 Nb2 16. Qc3 Na4 17. Qd3 Nb2 18. Qc3 Na4 1/2-1/2

[Event "21st Rubinstein Memorial"]
[Site "Polanica Zdroj POL"]
[Date "1983.08.??"]
[Round "3"]
[White "Abramovic, Bosko"]
[Black "Ksieski, Zbigniew"]
[WhiteElo "2480"]
[BlackElo "2415"]
[Result "1/2-1/2"]
[EventDate "1983.08.03"]
[PlyCount "44"]
1. e4 c5 2. Nf3 d6 3. d4 cxd4 4. Nxd4 Nf6 5. Nc3 Nc6 6. Be2 e6 7. Be3 Be7 8. O-O O-O 9. f4 e5 10. fxe5 dxe5 11. Nf5 Bxf5 12. Rxf5 Qxd1+ 13. Rxd1 g6 14. Rf2 Nd4 15. Rdf1 Nxe2+ 16. Rxe2 Kg7 17. Bg5 Ng8 18. Bxe7 Nxe7 19. Rd2 Rfd8 20. Rfd1 Nc6 21. Rd7 Nd4 22. Rxd8 Rxd8 1/2-1/2

[Event "21st Rubinstein Memorial"]
[Site "Polanica Zdroj POL"]
[Date "1983.08.??"]
[Round "3"]
[White "Dydyshko, Viacheslav"]
[Black "Hresc, Vladimir"]
[WhiteElo "2460"]
[BlackElo "2450"]
[Result "1-0"]
[EventDate "1983.08.03"]
[PlyCount "97"]
1. d4 d5 2. c4 e6 3. Nc3 Nf6 4. Nf3 c6 5. Bg5 Nbd7 6. e3 Be7 7. Qc2 O-O 8. Rd1 a6 9. a3 Re8 10. Bd3 dxc4 11. Bxc4 b5 12. Ba2 Bb7 13. O-O Qc7 14. Bb1 Nf8 15. Bxf6 gxf6 16. Ne4 Rad8 17. Nc5 Rd5 18. Ba2 Rh5 19. b4 a5 20. Qe4 f5 21. Qc2 axb4 22. axb4 Ng6 23. Rc1 Ba8 24. Qe2 Rh6 25. g3 Kh8 26. Ne1 Rg8 27. f4 Nf8 28. Ned3 Bd6 29. Rf2 Nd7 30. Nxd7 Qxd7 31. Nc5 Qe7 32. Bb3 Qh4 33. Rg2 Qh3 34. Ra1 Rhg6 35. Bd1 Qh6 36. Ra7 Qf8 37. Qa2 R6g7 38. Bh5 Bxc5 39. dxc5 f6 40. Rxg7 Rxg7 41. Rd2 Rc7 42. Qxe6 Bb7 43. Rd6 Bc8 44. Qxf6+ Qxf6 45. Rxf6 Kg7 46. Rd6 Bd7 47. g4 fxg4 48. e4 Ra7 49. f5 1-0

[Event "21st Rubinstein Memorial"]
[Site "Polanica Zdroj POL"]
[Date "1983.08.??"]
[Round "3"]
[White "Flis, Jacek"]
[Black "Lukov, Valentin"]
[WhiteElo "2410"]
[BlackElo "2465"]
[Result "1/2-1/2"]
[EventDate "1983.08.03"]
[PlyCount "160"]
1. e4 c5 2. Nf3 d6 3. d4 cxd4 4. Nxd4 Nf6 5. Nc3 a6 6. Be2 e5 7. Nb3 Be7 8. O-O O-O 9. Be3 Be6 10. Qd2 b5 11. Bf3 Nbd7 12. Nd5 Bxd5 13. exd5 e4 14. Be2 Nb6 15. Bxb6 Qxb6 16. a4 b4 17. Nd4 Rfc8 18. b3 Bf8 19. Bc4 Rc5 20. a5 Qc7 21. Nc6 Rxc6 22. dxc6 d5 23. Be2 Qxc6 24. Ra4 Rb8 25. Rc1 Bc5 26. Qe1 d4 27. Qf1 Nd5 28. Rca1 Ra8 29. Kh1 Qh6 30. Bc4 Nc3 31. Bxf7+ Kh8 32. Qc4 Bd6 33. g3 Qf6 34. Bh5 Rf8 35. Qxa6 g6 36. Bg4 h5 37. Bh3 Qe5 38. Rf1 g5 39. Qc4 g4 40. Bg2 h4 41. a6 h3 42. a7 hxg2+ 43. Kxg2 Ra8 44. Qc6 Qd5 45. Qxd5 Nxd5 46. Rd1 Bc5 47. Ra5 Nc3 48. Rda1 Bf8 49. Ra6 d3 50. cxd3 exd3 51. Rb6 d2 52. Rb8 Rxa7 53. Rxa7 Kg8 54. Rd7 d1=Q 55. Rxd1 Nxd1 56. Rb5 Be7 57. Re5 Kf7 58. Re4 Nb2 59. Rd4 Ke6 60. Rxg4 Nd3 61. Re4+ Kf7 62. f4 Nc1 63. Re3 Bc5 64. Re5 Nxb3 65. Kf3 Bd6 66. Re1 Nc5 67. Ke3 Bf8 68. Kd4 Nd7 69. g4 b3 70. Kc3 Nf6 71. h3 Nd5+ 72. Kxb3 Nxf4 73. Rf1 Bd6 74. Kc4 Be5 75. h4 Kg6 76. Rb1 Ng2 77. Rb6+ Kf7 78. Kd5 Bg7 79. Rb7+ Kg8 80. Ke6 Nxh4 1/2-1/2

[Event "21st Rubinstein Memorial"]
[Site "Polanica Zdroj POL"]
[Date "1983.08.??"]
[Round "3"]
[White "Stempin, Pawel"]
[Black "Stoica, Valentin"]
[WhiteElo "2380"]
[BlackElo "2440"]
[Result "1/2-1/2"]
[EventDate "1983.08.03"]
[PlyCount "97"]
1. d4 Nf6 2. c4 e6 3. Nf3 c5 4. d5 exd5 5. cxd5 d6 6. Nc3 g6 7. Bg5 h6 8. Bh4 Bg7 9. e3 O-O 10. Nd2 Na6 11. Bc4 Nc7 12. O-O Re8 13. a4 Bd7 14. Qe2 Rb8 15. Rfc1 a6 16. a5 b5 17. axb6 Rxb6 18. Ra2 Qb8 19. b3 Qb7 20. e4 Nb5 21. Na4 Nd4 22. Qd3 Bxa4 23. Rxa4 Nb5 24. Bg3 Nd7 25. Nf3 Qb8 26. h3 Qd8 27. Bf4 Qf6 28. Bd2 Nd4 29. Rxa6 Rxa6 30. Bxa6 Nxf3+ 31. Qxf3 Qd4 32. Bc3 Qxe4 33. Re1 Qxe1+ 34. Bxe1 Rxe1+ 35. Bf1 Ne5 36. Qg3 Ra1 37. Qe3 g5 38. g3 h5 39. Kg2 g4 40. Be2 Ra2 41. hxg4 hxg4 42. Bd1 f5 43. Qf4 Nd3 44. Qxf5 Rxf2+ 45. Qxf2 Nxf2 46. Kxf2 Bd4+ 47. Kg2 Kg7 48. Bxg4 Kf6 49. Kf3 1/2-1/2

[Event "21st Rubinstein Memorial"]
[Site "Polanica Zdroj POL"]
[Date "1983.08.??"]
[Round "3"]
[White "Sygulski, Artur"]
[Black "Kruszynski, Wlodzimierz"]
[WhiteElo "2390"]
[BlackElo "2435"]
[Result "0-1"]
[EventDate "1983.08.03"]
[PlyCount "90"]
1. c4 Nf6 2. Nc3 e6 3. g3 c5 4. Bg2 d5 5. cxd5 exd5 6. d3 Nc6 7. Bg5 Be7 8. Bxf6 Bxf6 9. Nf3 O-O 10. O-O Be6 11. e4 dxe4 12. dxe4 Qa5 13. e5 Nxe5 14. Nxe5 Bxe5 15. Bxb7 Rab8 16. Be4 g6 17. Qc2 Rxb2 18. Qxb2 Bxc3 19. Qc2 Bxa1 20. Rxa1 Rd8 21. Qb2 Qb4 22. Qxb4 cxb4 23. Bc2 Rd2 24. Bb3 a5 25. Kg2 Bd7 26. Kf3 a4 27. Ke3 Rb2 28. Bc4 Be6 29. Bxe6 fxe6 30. h4 Kf7 31. f3 Kf6 32. Ke4 e5 33. f4 exf4 34. Kxf4 h6 35. Ke4 h5 36. Kf4 Rc2 37. Rb1 Rc4+ 38. Kf3 Kf5 39. Rb2 Rc3+ 40. Kg2 b3 41. axb3 axb3 42. Rf2+ Ke4 43. Rf6 Kd3 44. Rxg6 b2 45. Rb6 Kc2 0-1

[Event "21st Rubinstein Memorial"]
[Site "Polanica Zdroj POL"]
[Date "1983.08.??"]
[Round "3"]
[White "Szymczak, Zbigniew"]
[Black "Ardiansyah, Haji"]
[WhiteElo "2420"]
[BlackElo "2450"]
[Result "1/2-1/2"]
[EventDate "1983.08.03"]
[PlyCount "60"]
1. d4 d5 2. c4 dxc4 3. Nf3 Nf6 4. e3 Bg4 5. Bxc4 e6 6. Nc3 Be7 7. O-O O-O 8. e4 Nc6 9. Be3 Bb4 10. Qd3 Bxc3 11. bxc3 Bxf3 12. gxf3 Nh5 13. Rab1 Qf6 14. Rxb7 Na5 15. Rxc7 Nxc4 16. Rxc4 Qxf3 17. Qd1 Qh3 18. Rc5 f5 19. exf5 Rxf5 20. Rxf5 Qxf5 21. f3 Rf8 22. Qb1 Qxb1 23. Rxb1 Rxf3 24. Re1 Nf6 25. Kg2 Rf5 26. c4 Ra5 27. Re2 Ra3 28. Bg5 Rc3 29. Bxf6 gxf6 30. Rxe6 Rxc4 1/2-1/2

[Event "21st Rubinstein Memorial"]
[Site "Polanica Zdroj POL"]
[Date "1983.08.??"]
[Round "4"]
[White "Ardiansyah, Haji"]
[Black "Abramovic, Bosko"]
[WhiteElo "2450"]
[BlackElo "2480"]
[Result "1/2-1/2"]
[EventDate "1983.08.03"]
[PlyCount "140"]
1. d4 Nf6 2. c4 e6 3. Nf3 d5 4. Bg5 Be7 5. Nc3 h6 6. Bh4 O-O 7. e3 b6 8. cxd5 exd5 9. Bd3 Bb7 10. Bxf6 Bxf6 11. O-O c5 12. Rc1 Qe7 13. Bb1 Rd8 14. Re1 Na6 15. a3 g6 16. Ne2 Nc7 17. Nf4 c4 18. Qc2 b5 19. h4 Bc8 20. e4 dxe4 21. Rxe4 Qf8 22. h5 g5 23. Re6 Qg7 24. Rxf6 Qxf6 25. Qh7+ Kf8 26. Ng6+ fxg6 27. Qxc7 Rd7 28. Qc5+ Qd6 29. Qxb5 Ba6 30. Qa4 gxh5 31. b3 c3 32. Rxc3 Bb7 33. d5 Bxd5 34. Ne5 Rg7 35. Qd4 Re8 36. Re3 Re6 37. Bf5 Bb7 38. Qc3 Ree7 39. Ng6+ Rxg6 40. Bxg6 Qxg6 41. Rxe7 Kxe7 42. Qc7+ Kf6 43. Qxb7 Qc2 44. Qa6+ Kf5 45. Qxa7 Qd1+ 46. Kh2 Qd6+ 47. g3 h4 48. Qf7+ Ke4 49. Qb7+ Kf5 50. Qf3+ Kg6 51. b4 h5 52. b5 hxg3+ 53. Qxg3 Qd4 54. Qe3 Qd6+ 55. Qg3 Qd4 56. a4 Qxa4 57. Qd3+ Kf6 58. Qd6+ Kf5 59. b6 Qh4+ 60. Kg1 Qg4+ 61. Qg3 Qd1+ 62. Kg2 g4 63. Qc7 Qd5+ 64. Kg1 h4 65. Qh7+ Kg5 66. Qe7+ Kf5 67. b7 h3 68. Qh7+ Kg5 69. f4+ Kf6 70. Qh6+ Kf7 1/2-1/2

[Event "21st Rubinstein Memorial"]
[Site "Polanica Zdroj POL"]
[Date "1983.08.??"]
[Round "4"]
[White "Hresc, Vladimir"]
[Black "Stempin, Pawel"]
[WhiteElo "2450"]
[BlackElo "2380"]
[Result "1-0"]
[EventDate "1983.08.03"]
[PlyCount "61"]
1. e4 d6 2. d4 Nf6 3. Nc3 g6 4. Nf3 Bg7 5. Be2 O-O 6. O-O c6 7. a4 a5 8. h3 Na6 9. Be3 Nb4 10. Nd2 e5 11. dxe5 dxe5 12. Na2 Nxa2 13. Rxa2 Be6 14. b3 Qe7 15. c3 Nd7 16. Bc4 Rfd8 17. Qe2 Bxc4 18. Nxc4 Nc5 19. Nb6 Ra6 20. Qc4 Ne6 21. b4 axb4 22. cxb4 Qc7 23. a5 Nd4 24. Rd2 Qe7 25. f4 Ne6 26. f5 Nd4 27. f6 Bxf6 28. Rdf2 Bg7 29. Bxd4 Rxd4 30. Rxf7 Rxc4 31. Rxe7 1-0

[Event "21st Rubinstein Memorial"]
[Site "Polanica Zdroj POL"]
[Date "1983.08.??"]
[Round "4"]
[White "Ksieski, Zbigniew"]
[Black "Dydyshko, Viacheslav"]
[WhiteElo "2415"]
[BlackElo "2460"]
[Result "1/2-1/2"]
[EventDate "1983.08.03"]
[PlyCount "81"]
1. d4 Nf6 2. c4 e6 3. Nf3 b6 4. Nc3 Bb7 5. a3 d5 6. cxd5 Nxd5 7. e3 Be7 8. Bb5+ c6 9. Bd3 c5 10. e4 Nxc3 11. bxc3 Nc6 12. Bb2 Qd6 13. Qd2 O-O-O 14. O-O Bf6 15. Rad1 cxd4 16. cxd4 Nxd4 17. Nxd4 Bxd4 18. Bxd4 Qxd4 19. Qf4 Qd6 20. Qxf7 Kb8 21. Qxg7 Rhg8 22. Qf7 Qc5 23. Qf3 Rd7 24. Rfe1 Rc8 25. Bb1 Rg7 26. Qd3 Rcg8 27. g3 Ka8 28. Qd4 Qh5 29. Qe3 Rf7 30. Rd6 Rf3 31. Qd4 Qe8 32. a4 Rgf8 33. Rd1 Qc8 34. Rd8 Rxd8 35. Qxd8 Rf8 36. Qe7 h6 37. Ba2 Re8 38. Qb4 Qc2 39. Bb3 Qxe4 40. Qxe4 Bxe4 41. Re1 1/2-1/2

[Event "21st Rubinstein Memorial"]
[Site "Polanica Zdroj POL"]
[Date "1983.08.??"]
[Round "4"]
[White "Stoica, Valentin"]
[Black "Flis, Jacek"]
[WhiteElo "2440"]
[BlackElo "2410"]
[Result "1-0"]
[EventDate "1983.08.03"]
[PlyCount "53"]
1. e4 c6 2. d4 d5 3. exd5 cxd5 4. c4 e6 5. Nc3 Nf6 6. Nf3 Be7 7. cxd5 Nxd5 8. Bd3 O-O 9. O-O Nc6 10. Re1 Nf6 11. a3 b6 12. Bc2 Bb7 13. Qd3 Re8 14. d5 exd5 15. Bg5 Ne4 16. Nxe4 dxe4 17. Qxe4 g6 18. Qh4 Qc7 19. Bb3 h5 20. Qe4 Kg7 21. Bxf7 Kxf7 22. Bh6 Qd7 23. Qc4+ Kf6 24. Qc3+ Nd4 25. Nxd4 Kf7 26. Nf3 Bf8 27. Bxf8 1-0

[Event "21st Rubinstein Memorial"]
[Site "Polanica Zdroj POL"]
[Date "1983.08.??"]
[Round "5"]
[White "Abramovic, Bosko"]
[Black "Farago, Ivan"]
[WhiteElo "2480"]
[BlackElo "2495"]
[Result "1/2-1/2"]
[EventDate "1983.08.03"]
[PlyCount "80"]
1. e4 e6 2. d4 d5 3. Nc3 Bb4 4. e5 Ne7 5. a3 Bxc3+ 6. bxc3 c5 7. Nf3 Bd7 8. dxc5 Nbc6 9. Bd3 Ng6 10. Rb1 Ncxe5 11. Nxe5 Nxe5 12. Bf4 Qf6 13. Bg3 Bc6 14. O-O Nxd3 15. Qxd3 O-O 16. Bd6 Rfe8 17. f4 Qd8 18. Qf3 b6 19. Qh5 h6 20. Rbe1 bxc5 21. Bxc5 e5 22. fxe5 Re6 23. Bd4 Qa5 24. Ra1 Rb8 25. Rf3 Rb7 26. h4 Ba4 27. Rf4 Qb5 28. Qd1 a6 29. h5 Qd7 30. Rg4 Qe7 31. Qd3 Kh8 32. Qg3 Qf8 33. Qf2 Qg8 34. Re1 Qh7 35. Re2 Rb1+ 36. Kh2 Bb5 37. Re1 Rxe1 38. Qxe1 Qxc2 39. Qg3 Qf5 40. Rxg7 Qxh5+ 1/2-1/2

[Event "21st Rubinstein Memorial"]
[Site "Polanica Zdroj POL"]
[Date "1983.08.??"]
[Round "5"]
[White "Dydyshko, Viacheslav"]
[Black "Ardiansyah, Haji"]
[WhiteElo "2460"]
[BlackElo "2450"]
[Result "1-0"]
[EventDate "1983.08.03"]
[PlyCount "113"]
1. d4 d5 2. c4 dxc4 3. Nf3 Nf6 4. e3 Bg4 5. Bxc4 e6 6. Nc3 Be7 7. e4 Nc6 8. Be3 O-O 9. a3 a6 10. O-O b5 11. Be2 Bxf3 12. Bxf3 e5 13. d5 Na5 14. Qe2 Nc4 15. Bc1 c5 16. dxc6 Rc8 17. Rd1 Qe8 18. Nd5 Rxc6 19. b3 Na5 20. Qd3 Bc5 21. Bb2 Qe6 22. Rac1 Rfc8 23. a4 b4 24. h3 Bf8 25. Be2 h6 26. Rxc6 Rxc6 27. Rc1 Bc5 28. Rc2 Nb7 29. Kf1 Kh8 30. Qf3 Qe8 31. Bc4 Na5 32. Qd3 Nxc4 33. Qxc4 Nd7 34. Nxb4 Nb6 35. Qe2 Rc8 36. Nd5 Bd4 37. Qd2 Nxd5 38. exd5 Rd8 39. Bxd4 Rxd5 40. Rc4 Qd8 41. Bb6 Rxd2 42. Bxd8 Rxd8 43. Ke2 f6 44. b4 Kg8 45. b5 axb5 46. axb5 Rb8 47. Rc5 Kf7 48. Kd3 Rd8+ 49. Kc4 Rd4+ 50. Kc3 Rd1 51. Rc7+ Kg6 52. b6 Rb1 53. b7 Kf5 54. Rxg7 Ke6 55. Kc4 Kd6 56. g4 e4 57. Rh7 1-0

[Event "21st Rubinstein Memorial"]
[Site "Polanica Zdroj POL"]
[Date "1983.08.??"]
[Round "5"]
[White "Flis, Jacek"]
[Black "Hresc, Vladimir"]
[WhiteElo "2410"]
[BlackElo "2450"]
[Result "1-0"]
[EventDate "1983.08.03"]
[PlyCount "81"]
1. e4 e5 2. Nf3 Nc6 3. Bc4 Nf6 4. d3 Bc5 5. O-O d6 6. c3 O-O 7. Nbd2 Bg4 8. Re1 Na5 9. Bb5 a6 10. Ba4 Nc6 11. h3 Bh5 12. Nf1 b5 13. Bb3 Na5 14. Bc2 Bb6 15. Ng3 Bg6 16. Bg5 h6 17. Bh4 Kh8 18. b4 Nc6 19. Bb3 Rc8 20. Bd5 Ne7 21. Bxf6 gxf6 22. Qd2 Kh7 23. Bb7 Rb8 24. Bxa6 Qd7 25. c4 c6 26. a4 bxa4 27. Rxa4 f5 28. c5 f4 29. cxb6 fxg3 30. fxg3 Rxb6 31. Bc4 Rfb8 32. Rea1 f5 33. Ra7 R6b7 34. Rxb7 Rxb7 35. Ra8 Kg7 36. Qb2 Qc7 37. exf5 Qb6+ 38. Kh2 Nxf5 39. Nxe5 Qxb4 40. Rg8+ Kh7 41. Nxg6 1-0

[Event "21st Rubinstein Memorial"]
[Site "Polanica Zdroj POL"]
[Date "1983.08.??"]
[Round "5"]
[White "Hernandez Onna, Roman"]
[Black "Stoica, Valentin"]
[WhiteElo "2375"]
[BlackElo "2440"]
[Result "1/2-1/2"]
[EventDate "1983.08.03"]
[PlyCount "65"]
1. d4 Nf6 2. Nf3 e6 3. c4 c5 4. d5 exd5 5. cxd5 d6 6. Nc3 g6 7. e4 Bg7 8. Be2 O-O 9. O-O Re8 10. Nd2 Nbd7 11. a4 g5 12. Nc4 Nxe4 13. Nxe4 Rxe4 14. Nxd6 Rd4 15. Qc2 Nb6 16. Nxc8 Rxc8 17. Be3 Rb4 18. a5 Nxd5 19. Rad1 Bd4 20. Bc4 b5 21. axb6 axb6 22. Bd2 Rxb2 23. Qf5 Nf4 24. Bxf7+ Kg7 25. g3 Rc7 26. Bc4 b5 27. gxf4 bxc4 28. Bc3 Rbb7 29. fxg5 Qd6 30. Rfe1 Rf7 31. Qxc5 Qxc5 32. Bxd4+ Qxd4 33. Rxd4 1/2-1/2

[Event "21st Rubinstein Memorial"]
[Site "Polanica Zdroj POL"]
[Date "1983.08.??"]
[Round "5"]
[White "Sygulski, Artur"]
[Black "Lukov, Valentin"]
[WhiteElo "2390"]
[BlackElo "2465"]
[Result "1/2-1/2"]
[EventDate "1983.08.03"]
[PlyCount "180"]
1. d4 Nf6 2. c4 e6 3. Nf3 c5 4. d5 exd5 5. cxd5 d6 6. Nc3 g6 7. e4 Bg7 8. Be2 O-O 9. Nd2 Re8 10. O-O Na6 11. a4 Nc7 12. Kh1 b6 13. f3 Rb8 14. Nc4 Ba6 15. Rb1 Bxc4 16. Bxc4 Nd7 17. Qc2 a6 18. b4 b5 19. axb5 Nxb5 20. Bxb5 axb5 21. bxc5 b4 22. Na4 dxc5 23. Be3 Rc8 24. Rfc1 f5 25. Qf2 fxe4 26. f4 Nf6 27. Bxc5 e3 28. Qc2 Nxd5 29. Rd1 e2 30. Re1 Kh8 31. Rxe2 Rxe2 32. Qxe2 Nc3 33. Nxc3 bxc3 34. Ba3 c2 35. Rc1 Qc7 36. h3 Qc3 37. Bd6 Qb2 38. Qd2 Rd8 39. Rxc2 Qf6 40. Rc6 Qe6 41. Bb4 Rxd2 42. Rxe6 Rd1+ 43. Kh2 Kg8 44. g4 Rd3 45. g5 Rd7 46. Kg3 Kf7 47. Rc6 Bd4 48. h4 Rb7 49. Rc4 Bg7 50. Re4 h6 51. gxh6 Bxh6 52. Kg4 Bg7 53. Rc4 Bf6 54. h5 gxh5+ 55. Kxh5 Rb5+ 56. Kg4 Rb7 57. Ba5 Rd7 58. Rc5 Kg6 59. Rc6 Kf7 60. Bb4 Rb7 61. Bc5 Rd7 62. Rc8 Be7 63. Be3 Bf6 64. Rc6 Rb7 65. Bb6 Rd7 66. Bf2 Rb7 67. Bc5 Rd7 68. Bd6 Rb7 69. Kf5 Be7 70. Be5 Bf8 71. Ra6 Rd7 72. Ra2 Be7 73. Rh2 Ra7 74. Rh7+ Kg8 75. Rg7+ Kf8 76. Bf6 Ra5+ 77. Kg6 Bxf6 78. Rf7+ Kg8 79. Rxf6 Ra7 80. Rb6 Rg7+ 81. Kf5 Rf7+ 82. Kg5 Ra7 83. f5 Kg7 84. Rg6+ Kf7 85. Rh6 Kg8 86. Kg6 Ra6+ 87. f6 Ra7 88. Rh4 Rg7+ 89. Kf5 Ra7 90. Rg4+ Kf8 1/2-1/2

[Event "21st Rubinstein Memorial"]
[Site "Polanica Zdroj POL"]
[Date "1983.08.??"]
[Round "6"]
[White "Ardiansyah, Haji"]
[Black "Stempin, Pawel"]
[WhiteElo "2450"]
[BlackElo "2380"]
[Result "1/2-1/2"]
[EventDate "1983.08.03"]
[PlyCount "86"]
1. d4 Nf6 2. g3 d5 3. Bg2 g6 4. c4 c6 5. Nf3 Bg7 6. O-O O-O 7. b3 Ne4 8. Bb2 Nd7 9. Ne5 f5 10. e3 Nxe5 11. dxe5 Be6 12. cxd5 Bxd5 13. f3 Nc5 14. Bd4 Ne6 15. Nc3 Nxd4 16. Qxd4 Be6 17. f4 Qxd4 18. exd4 Rfd8 19. Rfd1 Rac8 20. Rac1 Kf7 21. Kf2 Bh6 22. h4 Bf8 23. Ke3 h5 24. Bf3 Bh6 25. Rc2 Bf8 26. Rdc1 Rb8 27. Rb1 Rbc8 28. Rd2 Bd5 29. Bxd5+ cxd5 30. Kd3 e6 31. Rc2 Rc6 32. b4 Rdc8 33. a3 Ke8 34. Rbc1 Kd7 35. Na4 Rxc2 36. Rxc2 Rxc2 37. Kxc2 b6 38. Kb3 Kc6 39. Nc3 Be7 40. Ka4 Kb7 41. Nb5 a6 42. Nc3 Kc7 43. Kb3 Kb7 1/2-1/2